<?xml version="1.0" encoding="UTF-8"?>
<record
    xmlns:xsi="http://www.w3.org/2001/XMLSchema-instance"
    xsi:schemaLocation="http://www.loc.gov/MARC21/slim http://www.loc.gov/standards/marcxml/schema/MARC21slim.xsd"
    xmlns="http://www.loc.gov/MARC21/slim">

  <leader>00547nam a22001817a 4500</leader>
  <datafield tag="999" ind1=" " ind2=" ">
    <subfield code="c">171552</subfield>
    <subfield code="d">171552</subfield>
  </datafield>
  <controlfield tag="005">20200115124521.0</controlfield>
  <datafield tag="010" ind1=" " ind2=" ">
    <subfield code="a">A-880463</subfield>
  </datafield>
  <datafield tag="020" ind1=" " ind2=" ">
    <subfield code="c">90.00</subfield>
  </datafield>
  <datafield tag="035" ind1=" " ind2=" ">
    <subfield code="a">A-880463</subfield>
  </datafield>
  <datafield tag="037" ind1=" " ind2=" ">
    <subfield code="b">BPPD/Pub.</subfield>
  </datafield>
  <datafield tag="082" ind1=" " ind2=" ">
    <subfield code="a">841.08</subfield>
  </datafield>
  <datafield tag="100" ind1=" " ind2=" ">
    <subfield code="a">&#x638;&#x6C1;&#x648;&#x631; &#x62B;&#x6C1;&#x631; &#x627;&#x62F;&#x627; &#x638;&#x6C1;&#x631;</subfield>
  </datafield>
  <datafield tag="245" ind1=" " ind2=" ">
    <subfield code="a">&#x627;&#x631;&#x62F;&#x648; &#x63A;&#x632;&#x644; &#x645;&#x6CC;&#x6BA; &#x634;&#x627;&#x6CC;&#x631; &#x628;&#x627;&#x632;&#x6CC; /</subfield>
    <subfield code="c">&#x638;&#x6C1;&#x648;&#x631; &#x62B;&#x6C1;&#x631; &#x627;&#x62F;&#x627; &#x638;&#x6C1;&#x631;</subfield>
  </datafield>
  <datafield tag="246" ind1=" " ind2=" ">
    <subfield code="a">Urdu Ghazal Mein Shayarbazi (Urdu) </subfield>
  </datafield>
  <datafield tag="260" ind1=" " ind2=" ">
    <subfield code="a">Sri Nagar</subfield>
    <subfield code="c">1995 &#x621;  </subfield>
    <subfield code="b">Gulshan Publishers</subfield>
  </datafield>
  <datafield tag="300" ind1=" " ind2=" ">
    <subfield code="a">200p.</subfield>
    <subfield code="c">20cm(Hb)</subfield>
  </datafield>
  <datafield tag="942" ind1=" " ind2=" ">
    <subfield code="2">ddc</subfield>
    <subfield code="c">UR</subfield>
    <subfield code="h">841.08</subfield>
    <subfield code="m">&#x638; &#x6C1; &#x648;</subfield>
  </datafield>
  <datafield tag="952" ind1=" " ind2=" ">
    <subfield code="0">0</subfield>
    <subfield code="1">0</subfield>
    <subfield code="4">0</subfield>
    <subfield code="7">0</subfield>
    <subfield code="8">NFIC</subfield>
    <subfield code="a">L</subfield>
    <subfield code="b">L</subfield>
    <subfield code="d">2020-01-15</subfield>
    <subfield code="e">BPPD/Ven.</subfield>
    <subfield code="g">90.00</subfield>
    <subfield code="l">0</subfield>
    <subfield code="o">841.08 &#x638; &#x6C1; &#x648;</subfield>
    <subfield code="p">A-880463</subfield>
    <subfield code="r">2020-01-15 00:00:00</subfield>
    <subfield code="t">1</subfield>
    <subfield code="v">90.00</subfield>
    <subfield code="w">2020-01-15</subfield>
    <subfield code="y">UR</subfield>
  </datafield>
</record>
